[Event "Miedzynarodowy Turniej Szachowy Szachowe"]
[Site "WSUS Poznan, ul. Glogowska"]
[Date "2013.??.??"]
[Round "7.1"]
[White "Zakrzewski, Marek"]
[Black "Malaniuk, Vladimir P"]
[Result "1/2-1/2"]
[WhiteElo "2126"]
[BlackElo "2529"]
[PlyCount "232"]
[EventDate "2013.??.??"]

1. e4 d6 2. d4 Nf6 3. Nc3 e5 4. dxe5 dxe5 5. Qxd8+ Kxd8 6. Bc4 Ke8 7. Nf3 Bd6
8. O-O a6 9. a3 Nbd7 10. Re1 b5 11. Ba2 Bb7 12. Nd2 c6 13. Nf1 g6 14. f3 Bc5+
15. Be3 Ke7 16. Rad1 Rhd8 17. Rd2 Bxe3+ 18. Nxe3 Nb6 19. Rxd8 Rxd8 20. Rd1 Ra8
21. Kf2 a5 22. Ne2 Nfd7 23. Ke1 Nc5 24. Kd2 Bc8 25. Kc1 h5 26. h4 Bd7 27. Kb1
b4 28. Nc4 Nxc4 29. Bxc4 bxa3 30. b3 Rb8 31. Ka2 a4 32. Kxa3 axb3 33. cxb3 Be6
34. Bxe6 Nxe6 35. Kb2 c5 36. Kc3 Nd4 37. Nc1 Ra8 38. Rf1 Ke6 39. Rf2 Nb5+ 40.
Kc4 Nd6+ 41. Kc3 Rc8 42. Ra2 c4 43. bxc4 Rxc4+ 44. Kd2 f5 45. exf5+ gxf5 46. g3
f4 47. Ne2 fxg3 48. Nxg3 Rxh4 49. Ra6 Rh2+ 50. Ke3 Kd5 51. Ra4 Kc6 52. Ra6+ Kc7
53. Ra7+ Kb6 54. Rh7 h4 55. Nf1 Ra2 56. f4 e4 57. f5 Ra3+ 58. Kd4 Kc6 59. f6
Rd3+ 60. Ke5 Rf3 61. Nd2 Rf5+ 62. Kd4 Rxf6 63. Rxh4 e3 64. Kd3 exd2 65. Kxd2
Kd5 66. Kd3 Rf3+ 67. Ke2 Ra3 68. Rh8 Nc4 69. Rc8 Kd4 70. Rh8 Ra2+ 71. Kf3 Ne5+
72. Kg3 Ra7 73. Rg8 Rf7 74. Re8 Ke4 75. Ra8 Rg7+ 76. Kf2 Nd3+ 77. Kf1 Rb7 78.
Re8+ Kf3 79. Rf8+ Ke3 80. Re8+ Kd2 81. Kg2 Rf7 82. Kg3 Kc3 83. Rd8 Ne5 84. Rd5
Rf3+ 85. Kg2 Re3 86. Kf2 Ng4+ 87. Kg2 Kc4 88. Rd8 Nf6 89. Kf2 Ra3 90. Kg2 Nd5
91. Kf2 Kd4 92. Kg2 Ke4 93. Re8+ Kf5 94. Rf8+ Nf6 95. Kf2 Ke5 96. Ke2 Ng4 97.
Kd2 Ke4 98. Rb8 Ne5 99. Rb4+ Kd5 100. Rb8 Nc4+ 101. Ke2 Ra2+ 102. Kf3 Ne5+ 103.
Ke3 Ra3+ 104. Kf2 Kd4 105. Kg2 Ke4 106. Rb4+ Kd3 107. Rb8 Ra7 108. Rg8 Rf7 109.
Kg3 Rf5 110. Kg2 Ke2 111. Kg3 Rf3+ 112. Kh4 Rf4+ 113. Kg3 Ke3 114. Re8 Rg4+
115. Kh3 Rg5 116. Kh4 Rg1 1/2-1/2

[Event "Miedzynarodowy Turniej Szachowy Szachowe"]
[Site "WSUS Poznan, ul. Glogowska"]
[Date "2013.??.??"]
[Round "7.2"]
[White "Bartkowiak, Damian"]
[Black "Glatty, Zbigniew"]
[Result "1-0"]
[WhiteElo "2152"]
[BlackElo "1915"]
[PlyCount "55"]
[EventDate "2013.??.??"]

1. d4 d5 2. Nf3 Nf6 3. c4 e6 4. Nc3 c6 5. Bg5 Be7 6. e3 Nbd7 7. cxd5 exd5 8.
Qc2 Nh5 9. Bxe7 Qxe7 10. O-O-O Nhf6 11. Bd3 Nf8 12. Kb1 Bg4 13. Rc1 O-O-O 14.
Ne5 Be6 15. Qb3 Qc7 16. Nb5 Qa5 17. Rc5 Qb6 18. Nxc6 bxc6 19. Rxc6+ Qxc6 20.
Nxa7+ Kc7 21. Nxc6 Kxc6 22. Bb5+ Kb7 23. Rc1 Rd6 24. Ba4+ Rb6 25. Bc6+ Ka7 26.
Qa3+ Ra6 27. Qc5+ Rb6 28. Qa5+ 1-0

[Event "Miedzynarodowy Turniej Szachowy Szachowe"]
[Site "WSUS Poznan, ul. Glogowska"]
[Date "2013.??.??"]
[Round "7.3"]
[White "Pawlowski, Rafal"]
[Black "Weglarz, Leszek"]
[Result "0-1"]
[WhiteElo "1531"]
[BlackElo "2224"]
[PlyCount "38"]
[EventDate "2013.??.??"]

1. d4 d5 2. c4 dxc4 3. Nf3 c5 4. e3 e6 5. Bxc4 Nf6 6. O-O Qc7 7. Be2 Nc6 8.
Nbd2 cxd4 9. exd4 Be7 10. Nb3 O-O 11. Qc2 Bd7 12. Ne5 Rac8 13. Nxc6 Bxc6 14.
Be3 Nd5 15. Rac1 Bd6 16. h3 Bh2+ 17. Kh1 Nxe3 18. fxe3 Bxg2+ 19. Kxg2 Qg3+ 0-1

[Event "Miedzynarodowy Turniej Szachowy Szachowe"]
[Site "WSUS Poznan, ul. Glogowska"]
[Date "2013.??.??"]
[Round "7.4"]
[White "Chojnacki, Tomasz"]
[Black "Kozlowska, Marzena"]
[Result "1-0"]
[WhiteElo "1883"]
[BlackElo "1921"]
[PlyCount "71"]
[EventDate "2013.??.??"]

1. e4 d5 2. exd5 Qxd5 3. Nc3 Qd6 4. d4 Nf6 5. Nf3 g6 6. Bc4 Bg7 7. O-O a6 8.
Bb3 O-O 9. Re1 Nc6 10. h3 Na5 11. Bg5 Nxb3 12. axb3 b6 13. Qe2 e6 14. Bxf6 Bxf6
15. Ne4 Qd8 16. Nxf6+ Qxf6 17. Qe4 Rb8 18. Ne5 Bb7 19. Qe3 Rfd8 20. Rad1 Rd6
21. Ng4 Qg7 22. c4 h5 23. Ne5 Rbd8 24. b4 Ba8 25. Qc3 c5 26. bxc5 bxc5 27. d5
exd5 28. Qa5 dxc4 29. Qxd8+ Rxd8 30. Rxd8+ Kh7 31. Rxa8 Qf6 32. Ra7 Qb6 33.
Rxf7+ Kh6 34. h4 Qxb2 35. Nf3 g5 36. Re6+ 1-0

[Event "Miedzynarodowy Turniej Szachowy Szachowe"]
[Site "WSUS Poznan, ul. Glogowska"]
[Date "2013.??.??"]
[Round "7.5"]
[White "Kozlowski, Tomasz"]
[Black "Bajerlein, Dawid"]
[Result "0-1"]
[WhiteElo "1978"]
[BlackElo "2099"]
[PlyCount "140"]
[EventDate "2013.??.??"]

1. e4 c6 2. d4 d5 3. f3 e6 4. Nc3 Bb4 5. Bf4 Nf6 6. e5 Nfd7 7. a3 Bxc3+ 8. bxc3
b6 9. Nh3 Ba6 10. Bxa6 Nxa6 11. Qd3 Qc8 12. O-O c5 13. Bd2 cxd4 14. cxd4 Qc4
15. Nf2 Rc8 16. Qe3 Nab8 17. c3 Nc6 18. Rae1 Ne7 19. g4 Nb8 20. f4 g6 21. Nd1
Kd7 22. f5 gxf5 23. gxf5 Nbc6 24. fxe6+ fxe6 25. Qh3 Rcg8+ 26. Kh1 Nd8 27. Ne3
Qd3 28. Rf2 Rf8 29. Qf1 Qe4+ 30. Ng2 Rxf2 31. Qxf2 Qf5 32. Qe2 Rf8 33. Kg1 Ndc6
34. Bf4 Rg8 35. Bg3 Qg4 36. Qf2 Nf5 37. Ne3 Nxe3 38. Rxe3 h5 39. h4 Ne7 40. Kh2
Nf5 41. Rf3 Ke8 42. a4 a6 43. Bf4 Qxh4+ 44. Qxh4 Nxh4 45. Rh3 Rg2+ 46. Kh1 Rg4
47. Bd2 Nf5 48. Be1 h4 49. Kh2 Kf7 50. Rf3 Kg6 51. Bf2 Re4 52. Kh3 Kg5 53. Rd3
Re2 54. Rf3 Ra2 55. Be1 Rxa4 56. Bd2+ Kh5 57. Rf1 Ra2 58. Bf4 Rc2 59. Rf3 a5
60. c4 Rxc4 61. Rb3 Rb4 62. Rc3 Rxd4 63. Bh2 Rc4 64. Rb3 Rb4 65. Rc3 a4 66. Rc8
Rb3+ 67. Kg2 h3+ 68. Kh1 a3 69. Bf4 a2 70. Ra8 Rb1+ 0-1

[Event "Miedzynarodowy Turniej Szachowy Szachowe"]
[Site "WSUS Poznan, ul. Glogowska"]
[Date "2013.??.??"]
[Round "7.6"]
[White "Przybylak, Lukasz"]
[Black "Swiatek, Bartosz"]
[Result "1/2-1/2"]
[WhiteElo "1871"]
[BlackElo "2065"]
[PlyCount "108"]
[EventDate "2013.??.??"]

1. f4 Nf6 2. Nf3 c5 3. g3 Nc6 4. Bg2 g6 5. O-O Bg7 6. d3 d5 7. h3 Qc7 8. Nc3 d4
9. Ne4 b6 10. Rb1 O-O 11. Nxf6+ Bxf6 12. e4 dxe3 13. Bxe3 Bb7 14. Qe1 e6 15.
Qf2 Rad8 16. Nd2 Ne7 17. Bxb7 Qxb7 18. Ne4 Bg7 19. Qf3 Qa6 20. a3 c4 21. d4 Qb5
22. Rfd1 Nf5 23. c3 Qd5 24. Kf2 h6 25. Nd2 Nd6 26. Re1 b5 27. Qg2 Rd7 28. Kg1
Kh7 29. Bf2 a5 30. Ne4 Nxe4 31. Qxe4 Kg8 32. g4 Rd6 33. Bg3 Qxe4 34. Rxe4 f5
35. Re2 Kf7 36. g5 Rd7 37. Rbe1 Re8 38. h4 h5 39. Bf2 Bf8 40. Kg2 Rd5 41. Re5
Bd6 42. Rxd5 exd5 43. Rxe8 Kxe8 44. Kf3 b4 45. axb4 axb4 46. Be1 Kd7 47. Bd2
Kc6 48. Ke2 Kb5 49. Kd1 bxc3 50. bxc3 Ka4 51. Kc2 Ka3 52. Be3 Ka2 53. Bc1 Ba3
54. Bd2 Bd6 1/2-1/2

[Event "Miedzynarodowy Turniej Szachowy Szachowe"]
[Site "WSUS Poznan, ul. Glogowska"]
[Date "2013.??.??"]
[Round "7.7"]
[White "Bednarska-bzdega, Malgorzata"]
[Black "Pietrucha, Jaroslaw"]
[Result "1-0"]
[WhiteElo "2115"]
[BlackElo "1823"]
[PlyCount "121"]
[EventDate "2013.??.??"]

1. e4 e5 2. Nf3 d6 3. d4 exd4 4. Nxd4 Nf6 5. Nc3 Be7 6. Bf4 Bd7 7. Qd2 Nc6 8.
O-O-O a6 9. f3 b5 10. g4 h6 11. Kb1 g5 12. Nxc6 Bxc6 13. Be3 Nd7 14. Be2 Bf6
15. Nd5 Bxd5 16. exd5 Nc5 17. Bd4 Kd7 18. Bd3 Kc8 19. Bf5+ Kb7 20. c4 Bxd4 21.
Qxd4 b4 22. Rhe1 Re8 23. Qg7 Re7 24. Qxh6 Qe8 25. Rh1 Re3 26. Qxg5 Rxf3 27.
Rhe1 Qa4 28. Qc1 Rh8 29. Re2 Rhh3 30. Rg1 Rh8 31. Rh1 Rhh3 32. Rhe1 Rh8 33. Rg1
Qa5 34. Qd2 Qb6 35. Qd4 Rhh3 36. Rc1 Rh4 37. Qg1 Rh8 38. Qd4 Rfh3 39. Qg1 Rf3
40. Qd4 Rfh3 41. Rh1 a5 42. Qg1 a4 43. Re3 R3h4 44. h3 Na6 45. Qe1 Nc5 46. Re8
Rxe8 47. Qxe8 b3 48. a3 Qa5 49. Qe3 f6 50. Qf2 Rh8 51. h4 Qa6 52. Qe2 Qa8 53.
h5 Qf8 54. Qd2 Rh6 55. Re1 Rh8 56. Qb4+ Ka7 57. Bd7 Qg7 58. Qa5+ Kb8 59. Bc6
Nb7 60. Qb5 Qh7+ 61. Ka1 1-0

[Event "Miedzynarodowy Turniej Szachowy Szachowe"]
[Site "WSUS Poznan, ul. Glogowska"]
[Date "2013.??.??"]
[Round "7.8"]
[White "Rozumek, Krzysztof"]
[Black "Hoffmann, Piotr"]
[Result "1-0"]
[WhiteElo "1975"]
[BlackElo "1725"]
[PlyCount "91"]
[EventDate "2013.??.??"]

1. Nf3 c5 2. b3 g6 3. Bb2 Nf6 4. e3 Bg7 5. c4 O-O 6. Be2 Nc6 7. O-O d6 8. d4
cxd4 9. exd4 Nd7 10. Qd2 e5 11. d5 Ne7 12. Nc3 a6 13. Ne4 Nf6 14. Nxf6+ Bxf6
15. b4 Nf5 16. Bd3 Nh4 17. Nxh4 Bxh4 18. f4 Bf6 19. Rae1 Re8 20. Qf2 e4 21.
Bxe4 Bd7 22. Bd4 Bh4 23. g3 Be7 24. Qb2 f6 25. f5 g5 26. c5 Rf8 27. c6 Be8 28.
cxb7 Rb8 29. Bd3 Bb5 30. Bxb5 axb5 31. Re6 Rxb7 32. Rc1 Rc7 33. Rce1 Rf7 34.
Bb6 Rc2 35. Qxc2 Qxb6+ 36. Qf2 Qb7 37. Qe3 Bf8 38. Qd4 Qa6 39. Rxf6 Bg7 40.
Re8+ Rf8 41. Rfxf8+ Bxf8 42. Qe3 Qxa2 43. Qe6+ Kg7 44. f6+ Kg6 45. Qe4+ Kf7 46.
Rxf8+ 1-0

[Event "Miedzynarodowy Turniej Szachowy Szachowe"]
[Site "WSUS Poznan, ul. Glogowska"]
[Date "2013.??.??"]
[Round "7.9"]
[White "Chojnowski, Robert"]
[Black "Niekras, Dawid"]
[Result "0-1"]
[WhiteElo "1640"]
[BlackElo "1971"]
[PlyCount "92"]
[EventDate "2013.??.??"]

1. e4 e5 2. f4 exf4 3. Nf3 d6 4. Bc4 h6 5. d4 g5 6. O-O Bg7 7. c3 Ne7 8. h4 g4
9. Nh2 f3 10. gxf3 g3 11. Ng4 h5 12. Ne3 Ng6 13. Nf5 Bxf5 14. exf5 Qxh4 15.
Bxf7+ Kxf7 16. fxg6+ Kxg6 17. Qd3+ Kf7 18. Qe2 Nc6 19. Qg2 Nxd4 20. Be3 Qh2+
21. Qxh2 gxh2+ 22. Kxh2 Nc2 23. Bd2 Nxa1 24. Na3 Rae8 25. Rf2 Bh6 26. f4 Re4
27. Nb5 Nc2 28. Nxc7 Ne3 29. Kh3 Nf5 30. b3 Rg8 31. c4 Rg3+ 32. Kh2 Rg4 33. Nd5
h4 34. Nc3 Rd4 35. Nd5 Rxd2 36. Rxd2 Bxf4+ 37. Nxf4 Rxf4 38. c5 Nd4 39. Rd3
dxc5 40. a3 Kf6 41. Rc3 b6 42. b4 cxb4 43. axb4 Kg5 44. Ra3 Kg4 45. Rxa7 Nf3+
46. Kg2 h3+ 0-1

[Event "Miedzynarodowy Turniej Szachowy Szachowe"]
[Site "WSUS Poznan, ul. Glogowska"]
[Date "2013.??.??"]
[Round "7.10"]
[White "Kaczmarek, Piotr"]
[Black "Lisiecki, Robert"]
[Result "1-0"]
[WhiteElo "1872"]
[BlackElo "1426"]
[PlyCount "91"]
[EventDate "2013.??.??"]

1. e4 e5 2. Nf3 Nc6 3. Bb5 a6 4. Ba4 Nf6 5. O-O d6 6. Re1 Bd7 7. c3 b5 8. Bc2
b4 9. d3 Be7 10. Nbd2 bxc3 11. bxc3 O-O 12. h3 d5 13. Bb2 Bd6 14. Qe2 Re8 15.
Rab1 Qc8 16. Bb3 Ne7 17. c4 d4 18. c5 Bxc5 19. Nxe5 Be6 20. Rec1 Bb6 21. f4 c5
22. Bxd4 Rd8 23. Bf2 Ng6 24. Nxg6 hxg6 25. d4 Bxb3 26. Nxb3 c4 27. Rxc4 Qe6 28.
Nd2 Ba5 29. Nb3 Bb6 30. Nc5 Bxc5 31. dxc5 Nd5 32. g3 Nf6 33. Kg2 Rd2 34. Qxd2
Qxc4 35. Rb4 Qe6 36. e5 Qc6+ 37. Kg1 Ne4 38. Qe3 Nxf2 39. Qxf2 Rd8 40. Rd4 Rb8
41. Rd1 Qa4 42. Rc1 Qa3 43. Rc2 Rd8 44. c6 Rd1+ 45. Kh2 Qd3 46. c7 1-0

[Event "Miedzynarodowy Turniej Szachowy Szachowe"]
[Site "WSUS Poznan, ul. Glogowska"]
[Date "2013.??.??"]
[Round "7.12"]
[White "Pawlicki, Dariusz"]
[Black "Szymanski, Leszek"]
[Result "1/2-1/2"]
[WhiteElo "1688"]
[BlackElo "1750"]
[PlyCount "60"]
[EventDate "2013.??.??"]

1. d4 d5 2. c4 e6 3. e3 Be7 4. Nf3 Nf6 5. Nc3 O-O 6. cxd5 exd5 7. Be2 Bf5 8.
O-O c6 9. Nh4 Bg6 10. g3 Nbd7 11. Bf3 Ne4 12. Nxg6 hxg6 13. Nxe4 dxe4 14. Bxe4
f5 15. Bg2 Nb6 16. b3 Qd6 17. a4 Rad8 18. Ba3 Qf6 19. Bxe7 Qxe7 20. a5 Nd5 21.
Bxd5+ Rxd5 22. Qc2 a6 23. Ra4 g5 24. Re1 f4 25. Raa1 f3 26. Qc4 Qe6 27. Kh1 Qe4
28. h3 Kf7 29. Kh2 Rh8 30. Rh1 Kf6 1/2-1/2

[Event "Miedzynarodowy Turniej Szachowy Szachowe"]
[Site "WSUS Poznan, ul. Glogowska"]
[Date "2013.??.??"]
[Round "7.13"]
[White "Gajzner, Ryszard"]
[Black "Opolski, Wojciech"]
[Result "1-0"]
[WhiteElo "1747"]
[BlackElo "1683"]
[PlyCount "67"]
[EventDate "2013.??.??"]

1. d4 d5 2. c4 e6 3. g3 c5 4. Bg2 cxd4 5. cxd5 exd5 6. Nf3 Nf6 7. O-O Be7 8.
Nxd4 O-O 9. Nc3 Nc6 10. b3 Bc5 11. Nxc6 bxc6 12. Na4 Bd6 13. Be3 Bf5 14. Rc1
Bd7 15. Bc5 Bxc5 16. Nxc5 Rc8 17. Qd4 Be6 18. Nxe6 fxe6 19. Qxa7 Ra8 20. Qe3
Qd6 21. Rc2 d4 22. Qc1 Rfc8 23. Bxc6 Qc7 24. Be4 Qd8 25. Bxa8 Rxa8 26. Qf4 d3
27. exd3 Qxd3 28. Qc4 Qf5 29. Re1 Re8 30. Rce2 Kf7 31. Kg2 Qd5+ 32. Qxd5 exd5
33. Rxe8 Nxe8 34. Rxe8 1-0

[Event "Miedzynarodowy Turniej Szachowy Szachowe"]
[Site "WSUS Poznan, ul. Glogowska"]
[Date "2013.??.??"]
[Round "7.14"]
[White "Meczynski, Waldemar"]
[Black "Nowak, Mikolaj"]
[Result "1-0"]
[WhiteElo "2159"]
[BlackElo "1613"]
[PlyCount "141"]
[EventDate "2013.??.??"]

1. e4 d5 2. exd5 Qxd5 3. Nc3 Qa5 4. d4 Nf6 5. Bc4 Bf5 6. Nf3 e6 7. O-O Bd6 8.
Bd2 Qb6 9. Bb3 c6 10. h3 Nbd7 11. Be3 Qc7 12. Qe2 O-O 13. Nh4 Bg6 14. Nxg6 hxg6
15. f4 Nd5 16. Nxd5 cxd5 17. c3 a6 18. Bc2 b5 19. Rac1 f5 20. Bd2 Rfe8 21. g3
Kf7 22. Be1 Rh8 23. Kg2 Nf6 24. Bd3 Qc6 25. b3 Rhb8 26. Qf3 Qb6 27. Bf2 Rc8 28.
c4 bxc4 29. bxc4 Qc6 30. c5 Be7 31. Qe2 Ne4 32. Bxe4 fxe4 33. Rb1 Rcb8 34. Qc2
Rb5 35. a4 Rbb8 36. Be3 Ke8 37. Bd2 Kd7 38. Rb3 Bd8 39. Rfb1 Bc7 40. Rxb8 Rxb8
41. Rxb8 Bxb8 42. Qb3 Bc7 43. h4 Kc8 44. Kh3 Qd7 45. Kg2 Qc6 46. Kh2 Qe8 47.
Qd1 Qd7 48. Bb4 Kb7 49. Qb3 Kc8 50. Kg2 Qc6 51. Bd2 Qd7 52. Qd1 Qe8 53. Kf2 Qe7
54. Ke3 Qe8 55. Qb3 Qc6 56. Be1 Qd7 57. Qc2 Qc6 58. g4 Kb7 59. h5 gxh5 60. gxh5
Qe8 61. Qd1 g6 62. Qb3+ Kc6 63. a5 Kd7 64. c6+ Ke7 65. Qb7 Qb8 66. Bh4+ Ke8 67.
Qxb8+ Bxb8 68. h6 Kf7 69. h7 Kg7 70. Bf6+ Kxh7 71. Be5 1-0

[Event "Miedzynarodowy Turniej Szachowy Szachowe"]
[Site "WSUS Poznan, ul. Glogowska"]
[Date "2013.??.??"]
[Round "7.15"]
[White "Stachowiak, Slawomir"]
[Black "Miedzinski, Marek"]
[Result "1/2-1/2"]
[WhiteElo "2000"]
[BlackElo "1613"]
[PlyCount "88"]
[EventDate "2013.??.??"]

1. e4 e5 2. Nf3 d6 3. d4 exd4 4. Nxd4 Nf6 5. Bd3 Be7 6. O-O c5 7. Nf3 Bg4 8. h3
Bh5 9. Nc3 Nc6 10. Be3 O-O 11. a3 a6 12. Re1 Re8 13. Bf4 b5 14. b3 h6 15. e5
dxe5 16. Bxe5 Nxe5 17. Rxe5 Bxf3 18. Qxf3 Bd6 19. Rxe8+ Qxe8 20. Kf1 Ra7 21.
Re1 Qa8 22. Ne4 Nxe4 23. Bxe4 Qf8 24. Bb7 Qb8 25. Bd5 Qf8 26. Qf5 Rc7 27. c4
Ra7 28. Re3 Rc7 29. Rf3 Re7 30. g4 Qe8 31. Kg2 Qd7 32. Qg6 bxc4 33. bxc4 a5 34.
Rf5 Bc7 35. g5 Qxd5+ 36. Rxd5 fxg6 37. Rxc5 Kf8 38. h4 Kf7 39. Kf3 Ke6 40. Rc6+
Kf7 41. a4 Bd8 42. Rd6 Bc7 43. Rc6 Rd7 44. gxh6 gxh6 1/2-1/2

[Event "Miedzynarodowy Turniej Szachowy Szachowe"]
[Site "WSUS Poznan, ul. Glogowska"]
[Date "2013.??.??"]
[Round "7.16"]
[White "Pawleta, Rafal"]
[Black "Maksimenko, Andrei Jr"]
[Result "0-1"]
[WhiteElo "1545"]
[BlackElo "1961"]
[PlyCount "89"]
[EventDate "2013.??.??"]

1. c4 Nf6 2. Nc3 c5 3. e4 Nc6 4. Nf3 d6 5. d3 Bg4 6. Be2 g6 7. O-O Bg7 8. Be3
O-O 9. Qd2 Ne8 10. h3 Bxf3 11. Bxf3 Nd4 12. Be2 Nc7 13. Rab1 Nce6 14. Nd5 Nxe2+
15. Qxe2 Nd4 16. Qd2 e6 17. Nc3 Qa5 18. f4 f5 19. a3 a6 20. exf5 Nxf5 21. Bf2
Nd4 22. Bxd4 Bxd4+ 23. Kh1 Rf5 24. Qe2 Re8 25. g4 Rff8 26. Ne4 Qc7 27. Nc3 Qc6+
28. Qe4 Bxc3 29. Qxc6 bxc6 30. bxc3 Rb8 31. Kg2 a5 32. a4 Rxb1 33. Rxb1 Rxf4
34. Rb6 d5 35. Kg3 g5 36. cxd5 cxd5 37. Rb5 Rxa4 38. Rxc5 Ra1 39. Rc6 Kf7 40.
Rc7+ Kg6 41. Rc6 Kf6 42. d4 a4 43. Kf3 a3 44. Ra6 a2 45. Ke2 0-1

[Event "Miedzynarodowy Turniej Szachowy Szachowe"]
[Site "WSUS Poznan, ul. Glogowska"]
[Date "2013.??.??"]
[Round "7.17"]
[White "Niedbala, Wojciech"]
[Black "Jarmuzek, Karolina"]
[Result "1-0"]
[WhiteElo "1790"]
[BlackElo "1664"]
[PlyCount "69"]
[EventDate "2013.??.??"]

1. e4 c5 2. Nf3 Nc6 3. d4 cxd4 4. Nxd4 Nf6 5. Nc3 d6 6. Bg5 e6 7. Qd2 a6 8.
O-O-O Nxd4 9. Qxd4 Be7 10. f4 O-O 11. Bxf6 gxf6 12. Be2 b5 13. Bh5 Rb8 14. Kb1
b4 15. Ne2 a5 16. Rhf1 Rb5 17. f5 d5 18. Qd3 Ba6 19. Qg3+ Kh8 20. Qh4 Qc7 21.
Rf3 Rc8 22. Nd4 e5 23. Rh3 exd4 24. Rc1 Kg7 25. Qg4+ Kf8 26. Bxf7 Kxf7 27.
Rxh7+ Ke8 28. Qg8+ Bf8 29. Rxc7 Rxc7 30. Qe6+ Be7 31. Qxa6 Rbc5 32. exd5 Rc8
33. Re1 Rxc2 34. Qe6 R2c7 35. d6 1-0

[Event "Miedzynarodowy Turniej Szachowy Szachowe"]
[Site "WSUS Poznan, ul. Glogowska"]
[Date "2013.??.??"]
[Round "7.18"]
[White "Wittig, Zenon"]
[Black "Sklepinski, Artur"]
[Result "0-1"]
[WhiteElo "1541"]
[BlackElo "1772"]
[PlyCount "90"]
[EventDate "2013.??.??"]

1. e4 c5 2. Nf3 d6 3. d4 cxd4 4. Nxd4 Nf6 5. Nc3 g6 6. Be3 Bg7 7. f3 O-O 8. Qd2
Nc6 9. O-O-O Nxd4 10. Bxd4 Be6 11. Kb1 a6 12. g4 b5 13. g5 Nh5 14. Bxg7 Kxg7
15. Nd5 Bxd5 16. Qxd5 Qb6 17. Qd2 Rfd8 18. f4 f6 19. Be2 Qf2 20. Bxh5 Qxd2 21.
Rxd2 gxh5 22. Rg1 Kf7 23. h4 Rac8 24. b3 Rg8 25. Rd5 h6 26. Rh1 hxg5 27. hxg5
fxg5 28. Rf5+ Ke6 29. Rxh5 gxf4 30. Rh6+ Kd7 31. Rh1 Rcf8 32. Rh4 e5 33. Rh7+
Kc6 34. Rhf7 Rxf7 35. Rxf7 b4 36. Kb2 Rg2 37. Ra7 f3 38. Rxa6+ Kd7 39. Ra7+ Ke6
40. Ra8 Rg4 41. Rh8 f2 42. Rh1 Rg1 43. Rh6+ Kf7 44. Rh7+ Kg6 45. Rh2 f1=Q 0-1

[Event "Miedzynarodowy Turniej Szachowy Szachowe"]
[Site "WSUS Poznan, ul. Glogowska"]
[Date "2013.??.??"]
[Round "7.19"]
[White "Nowaczyk, Mikolaj"]
[Black "Kostecki, Samuel"]
[Result "0-1"]
[WhiteElo "1646"]
[BlackElo "1497"]
[PlyCount "86"]
[EventDate "2013.??.??"]

1. e4 c5 2. Nf3 d6 3. d4 cxd4 4. Nxd4 Nc6 5. Nc3 Nf6 6. Be2 e5 7. Ndb5 a6 8.
Na3 Be6 9. Bg5 Be7 10. Nc4 d5 11. Bxf6 dxc4 12. Bxe7 Nxe7 13. O-O O-O 14. Re1
Qd4 15. Qxd4 exd4 16. Na4 Rac8 17. b4 cxb3 18. cxb3 b5 19. Nb2 Rc3 20. Kf1 Nc6
21. Rac1 Nb4 22. a3 Na2 23. Rxc3 dxc3 24. Nd3 c2 25. b4 Rc8 26. Nc1 Nc3 27. Bd3
Nb1 28. a4 bxa4 29. Bxa6 Bc4+ 30. Bxc4 Rxc4 31. Re2 a3 32. b5 Kf8 33. b6 Rb4
34. Rxc2 Rxb6 35. Rc8+ Ke7 36. Ra8 Rc6 37. Nd3 Rc2 38. Nb4 Rb2 39. Nd3 Rd2 40.
Nb4 Nc3 41. Nd5+ Nxd5 42. exd5 a2 43. g3 Rd1+ 0-1

[Event "Miedzynarodowy Turniej Szachowy Szachowe"]
[Site "WSUS Poznan, ul. Glogowska"]
[Date "2013.??.??"]
[Round "7.20"]
[White "Raczynski, Krzysztof"]
[Black "Kus, Aleksander"]
[Result "1-0"]
[WhiteElo "1595"]
[BlackElo "1452"]
[PlyCount "79"]
[EventDate "2013.??.??"]

1. f4 g6 2. Nf3 Bg7 3. e3 Nf6 4. Be2 O-O 5. O-O d6 6. d4 Nbd7 7. Nc3 e5 8. d5
exf4 9. exf4 Nc5 10. Nd4 Re8 11. Bf3 Bd7 12. Kh1 Re7 13. b4 Na4 14. Nxa4 Bxa4
15. Qd3 Nd7 16. Bb2 Nb6 17. c4 Bd7 18. Rac1 Bf5 19. Nxf5 gxf5 20. Bxg7 Kxg7 21.
Qxf5 Qe8 22. Qg5+ Kf8 23. f5 Re5 24. Bg4 Nd7 25. Qh6+ Ke7 26. f6+ Kd8 27. Qxh7
Nf8 28. Qh4 Ng6 29. Qg3 Rg5 30. Qh3 Ne5 31. Rce1 Qg8 32. Bd1 Nxc4 33. Re7 Nb6
34. Rfe1 c6 35. dxc6 bxc6 36. a4 a5 37. bxa5 Raxa5 38. Qe3 Nd5 39. Re8+ Kc7 40.
Qb3 1-0

[Event "Miedzynarodowy Turniej Szachowy Szachowe"]
[Site "WSUS Poznan, ul. Glogowska"]
[Date "2013.??.??"]
[Round "7.22"]
[White "Nawrocki, Arkadiusz"]
[Black "Nowak, Adam"]
[Result "0-1"]
[WhiteElo "1576"]
[BlackElo "1352"]
[PlyCount "60"]
[EventDate "2013.??.??"]

1. d4 Nf6 2. Nf3 g6 3. Bf4 Bg7 4. e3 O-O 5. Bd3 c5 6. c3 b6 7. Nbd2 Bb7 8. Qb3
Nc6 9. dxc5 Na5 10. Qc2 bxc5 11. h4 h6 12. g4 c4 13. Be2 Nxg4 14. Rg1 h5 15.
Ng5 e5 16. Bg3 Qf6 17. O-O-O d5 18. Bxg4 hxg4 19. f4 e4 20. Rh1 Qa6 21. Qa4 Bc6
22. Qa3 Bd7 23. h5 Bf5 24. hxg6 Bxg6 25. f5 Bxf5 26. Bf4 Qb6 27. Bd6 Rfc8 28.
Rdf1 Bg6 29. Nxf7 Bxf7 30. Rxf7 Kxf7 0-1

[Event "Miedzynarodowy Turniej Szachowy Szachowe"]
[Site "WSUS Poznan, ul. Glogowska"]
[Date "2013.??.??"]
[Round "7.23"]
[White "Paliwoda, Borys"]
[Black "Adamczyk, Wieslaw"]
[Result "0-1"]
[WhiteElo "1466"]
[BlackElo "1536"]
[PlyCount "76"]
[EventDate "2013.??.??"]

1. e4 c6 2. d4 d5 3. Nc3 b5 4. a3 a6 5. e5 Bf5 6. Nf3 e6 7. Be3 Nd7 8. b4 f6 9.
Bf4 g5 10. Bg3 Qb6 11. Bd3 Bg6 12. Bxg6+ hxg6 13. O-O g4 14. Ne1 f5 15. Bf4 Be7
16. Qd2 Rh5 17. g3 O-O-O 18. Nd3 Rf8 19. Nc5 Nxc5 20. bxc5 Qa7 21. a4 b4 22.
Na2 a5 23. c3 bxc3 24. Qxc3 Bd8 25. Kg2 g5 26. Bd2 Qh7 27. Rh1 f4 28. Qb2 fxg3
29. fxg3 Qe4+ 30. Kg1 Qe2 31. Be3 Qxe3+ 32. Kg2 Ne7 33. Rab1 Bc7 34. Rhf1 Rxh2+
35. Kxh2 Rh8+ 36. Kg2 Qe4+ 37. Kf2 Rh2+ 38. Kg1 Qh1# 0-1

[Event "Miedzynarodowy Turniej Szachowy Szachowe"]
[Site "WSUS Poznan, ul. Glogowska"]
[Date "2013.??.??"]
[Round "7.30"]
[White "Piasecki, Andrzej"]
[Black "Gajewski, Zbigniew"]
[Result "1/2-1/2"]
[WhiteElo "1356"]
[BlackElo "1439"]
[PlyCount "65"]
[EventDate "2013.??.??"]

1. g4 d5 2. Bg2 c6 3. g5 g6 4. d4 Bg7 5. c3 Nd7 6. e4 dxe4 7. Bxe4 e6 8. h4 Ne7
9. h5 h6 10. gxh6 Bxh6 11. hxg6 Ng8 12. gxf7+ Kxf7 13. Qh5+ Kf8 14. Bxh6+ Rxh6
15. Qf3+ Rf6 16. Qg2 Rf7 17. Rh7 Qf6 18. Rxf7+ Qxf7 19. Qf3 Ndf6 20. Nd2 Bd7
21. O-O-O a5 22. Qg3 Ke7 23. Ne2 a4 24. Qg6 Qxg6 25. Bxg6 Ra5 26. Nc4 Rd5 27.
Ne5 Ng4 28. Nf4 N8f6 29. Nxg4 Nxg4 30. Re1 Kd6 31. c4 Ra5 32. c5+ Ke7 33. Kc2
1/2-1/2